Word Ladder: Triple Common Bond III Quiz Stats

 Plays Quiz Updated Nov 29, 2016

Challenge
Share
Tweet
Embed
Score 0/42 Timer 04:00
2 Plays Today
Hint Word % Correct
5,280 feetMILE
97.6%
Male Simpson childBART
96%
UntamedWILD
95.8%
Tree trunk coveringBARK
95.8%
❖ Public recreation area ❖PARK
95.5%
House topperROOF
95.4%
❖ Donkey-horse offspring ❖MULE
94.9%
Person of X and Y chromosome MALE
94.8%
Receive a grade below D minusFAIL
94.7%
Turn from solid to liquidMELT
94.6%
Ernie's Muppet friendBERT
94.5%
Game on greens, fairwaysGOLF
94.3%
Chess castleROOK
94.2%
Dog's wagging appendageTAIL
94.2%
Having great heightTALL
93.9%
❖ Animal flesh as food ❖MEAT
93.5%
Cut flowers containerVASE
92.6%
Germinated grain in brewingMALT
92.5%
Frog cousinTOAD
92.4%
Strike repeatedlyBEAT
92.3%
❖ Road use charge ❖TOLL
92.2%
Hint Word % Correct
❖ Military headquarters ❖BASE
92.1%
LifelessDEAD
92%
Printed volumeBOOK
91.8%
MistakeGOOF
91.6%
Cunning ruseWILE
91%
To have verbally relayed infoTOLD
90.8%
Property titleDEED
90.4%
Provide nourishmentFEED
90.4%
Hay bundleBALE
90.3%
Low area between hills VALE
90.2%
Soft, heavy metal (Pb, #82)LEAD
90.1%
❖ Heavy burden ❖LOAD
90%
❖ Drop rapidly ❖FALL
89.2%
Astaire or Flintstone, e.g.FRED
88.8%
❖ Canis lupus ❖WOLF
86.4%
❖ Rear surface ❖BACK
84.8%
High, uncultivated landWOLD
82.2%
Strong, dark beerBOCK
81.5%
❖❖ COMMON BOND #2 ❖❖BALL
67.7%
❖❖ COMMON BOND #1 ❖❖PACK
67.2%
❖❖ COMMON BOND #3 ❖❖FREE
51.3%

Today's Daily Dose

You're not logged in!

Compare scores with friends on all Sporcle quizzes.
Join for Free
OR
Log In

You Might Also Like...

Show Comments

Extras

Top Quizzes Today


Score Distribution

Your Account Isn't Verified!

In order to create a playlist on Sporcle, you need to verify the email address you used during registration. Go to your Sporcle Settings to finish the process.

Report this User

Report this user for behavior that violates our Community Guidelines.

Details: